Les villes les plus peuplées de Haute-Marne - Statistiques

Statistiques générales
  • Ce quiz a été pris 224 fois
  • Le résultat moyen est 8 sur 20
Statistiques - réponses
Population Ville % Correct
25 977 Chaumont
97%
30 836 Saint-Dizier
96%
9 586 Langres
89%
4 385 Joinville
67%
4 344 Nogent
57%
1 943 Bologne
45%
3 299 Wassy
44%
2 496 Bourbonne-les-Bains
34%
2 014 Montier-en-Der
33%
2 690 Chalindrey
32%
1 760 Froncles
29%
1 709 Châteauvillain
26%
2 083 Eurville-Bienville
18%
1 507 Rolampont
18%
1 457 Chevillon
17%
2 211 Val-de-Meuse
16%
2 042 Bettancourt-la-Ferrée
15%
1 481 Villiers-en-Lieu
12%
1 518 Bayard-sur-Marne
9%
1 850 Éclaron-Braucourt-Sainte-Livière
9%
Aucun quiz correspondant
Distribution des résultats
% des personnes avec chaque résultat
Percentile par nombre de réponses
Votre historique - résultats
Vous n’avez pas pris ce quiz